Planificación de nuevos productos.
| Main Author: | |
|---|---|
| Format: | Section = Libro |
| Language: | Undetermined Spanish |
| Published: |
España
Deusto
1970
|
| Subjects: |
| LEADER | 00633nam a2200205Ia 4500 | ||
|---|---|---|---|
| 008 | 241007s9999||||xx |||||||||||||| ||und|| | ||
| 020 | |a 317-1970 | ||
| 040 | |a BIBLIOTECA-RURC/ 658.5 Ch551 | ||
| 041 | |a spa | ||
| 082 | |a 658.5 Ch551 | ||
| 100 | 1 | |a Chrorafas, Dimitris N | |
| 245 | 1 | 0 | |a Planificación de nuevos productos. |
| 260 | |a España |b Deusto |c 1970 | ||
| 300 | |a 250 p. :il. | ||
| 650 | 7 | |a FUNCIONES Y ATRIBUCIONES EN LA ELABORACIÓN DE LOS PRODUCTOS | |
| 650 | 7 | |b LA DIRECCIÓN DE LOS PRODUCTOS NUEVOS EN LA EMPRESA MODERNA | |
| 650 | 7 | |c PLANIFICACIÓN DE NUEVOS PRODUCTOS. | |
| 942 | |c BK |2 ddc | ||
| 991 | |a TEXTO | ||
| 999 | |c 14562 | ||